Movies Quiz

Random Movies or Actress Quiz

One Word Movies II (A-Z) Quiz Stats

 Plays Quiz Updated Sep 27, 2018

Score 0/26 Timer 06:00
1 Play Today
Year Movie % Correct
2000*X-Men
72.3%
1978Grease
67.3%
2004Ray
61.2%
2007Juno
59.9%
2003Elf
53.8%
1995Se7en
45.3%
1983Octopussy
40.4%
1995Friday
38.6%
1996Twister
37.2%
1992Unforgiven
36.3%
1995Heat
33.6%
1986Platoon
31.5%
2000Memento
29.7%
Year Movie % Correct
2007Zodiac
28.6%
2005Constantine
26.1%
2009Duplicity
17%
2002Adaptation
14.3%
2009Watchmen
13.8%
2006Babel
10.6%
1976Network
10.4%
1987Ishtar
9.2%
1962Lolita
4.9%
1983Krull
3.9%
2007Vacancy
3.6%
1979Yanks
1.5%
2003Quicksand
1.2%

You're not logged in!

Compare scores with friends on all Sporcle quizzes.
OR
Log In

Sporcle TV

Today on Sporcle TV


Watch our educational content, quiz creation guides, and fun videos on Sporcle TV.

Show Comments

Extras

Top Quizzes Today


Score Distribution

Your Account Isn't Verified!

In order to create a playlist on Sporcle, you need to verify the email address you used during registration. Go to your Sporcle Settings to finish the process.

Report this User

Report this user for behavior that violates our Community Guidelines.

Details: